A short story of planet earth : Mountains, mammals, fire, and ice
The book offers knowledge about the earth sciences: chemical fossils, seismic waves, a gigantic earthquake, mammalian evolution... It explains the complex interaction between the geologic and biologic aspects of our planetls history
Gorde:
| Egile nagusia: | |
|---|---|
| Formatua: | Liburua |
| Hizkuntza: | Undetermined |
| Argitaratua: |
New York
John Wiley
1996
|
| Gaiak: | |
| Etiketak: |
Etiketa erantsi
Etiketarik gabe, Izan zaitez lehena erregistro honi etiketa jartzen!
|
| Thư viện lưu trữ: | Trung tâm Học liệu Trường Đại học Cần Thơ |
|---|
| LEADER | 00827nam a2200229Ia 4500 | ||
|---|---|---|---|
| 001 | CTU_32310 | ||
| 008 | 210402s9999 xx 000 0 und d | ||
| 020 | |b 221.000đ | ||
| 020 | |c 221000 | ||
| 082 | |a 551.7 | ||
| 082 | |b M137 | ||
| 100 | |a Macdougall, J. D. | ||
| 245 | 2 | |a A short story of planet earth : | |
| 245 | 0 | |b Mountains, mammals, fire, and ice | |
| 245 | 0 | |c J. D. Macdougall | |
| 260 | |a New York | ||
| 260 | |b John Wiley | ||
| 260 | |c 1996 | ||
| 520 | |a The book offers knowledge about the earth sciences: chemical fossils, seismic waves, a gigantic earthquake, mammalian evolution... It explains the complex interaction between the geologic and biologic aspects of our planetls history | ||
| 650 | |a Historical geology | ||
| 904 | |i Minh, 990730 | ||
| 980 | |a Trung tâm Học liệu Trường Đại học Cần Thơ | ||